000 00430nam a2200157Ia 4500
008 240729s9999 xx 000 0 und d
022 _a1879-0720
245 0 _aEuropean Journal of Pharmaceutical Sciences
260 _aNetherlands
260 _bElsevier
650 _a Pharmacy and materia medica
650 _aMedicine
856 _uhttps://doaj.org/toc/50c878e091924f05aa44183dbddbe337
942 _2ddc
942 _cDOAJEJ
999 _c66536
_d66536
945 _a1
_bMadushi Gamage
_c1
_dMadushi Gamage